Schaum's outline of theory and problems of fluid mechanics and hydraulics (Record no. 7097)

000 -LEADER
fixed length control field 00938nam a2200193Ia 4500
008 - FIXED-LENGTH DATA ELEMENTS--GENERAL INFORMATION
fixed length control field 200103s 1962 ||||xx |||||||||||||| ||und||
082 ## - DEWEY DECIMAL CLASSIFICATION NUMBER
Classification number 620.106
Item number GIL
100 ## - MAIN ENTRY--PERSONAL NAME
Personal name Giles, Ranald V.
245 #0 - TITLE STATEMENT
Title Schaum's outline of theory and problems of fluid mechanics and hydraulics
250 ## - EDITION STATEMENT
Edition statement 2nd
260 ## - PUBLICATION, DISTRIBUTION, ETC. (IMPRINT)
Name of publisher, distributor, etc Schaum Publishing Co.
Date of publication, distribution, etc 1962
Place of publication, distribution, etc New York
300 ## - PHYSICAL DESCRIPTION
Extent 274 p.: ill.
440 ## - SERIES STATEMENT/ADDED ENTRY--TITLE
Title Schaum's outline series
504 ## - BIBLIOGRAPHY, ETC. NOTE
Bibliography, etc Table of Contents<br/><br/>Properties of fluids<br/>Fluid statics<br/>Hydrostatic force on surfaces<br/>Buoyancy and flotation<br/>Translation and rotation of liquid masses<br/>Dimensional analysis and hydraulic similitude<br/>Fundamentals of fluid flow<br/>Flow in closed conduits<br/>complex pipeline systems<br/>Flow in open channels<br/>Flow of compressible fluids<br/>Forces developed by moving fluids<br/>Fluid machinery<br/>Index
650 ## - SUBJECT ADDED ENTRY--TOPICAL TERM
Topical term or geographic name as entry element Fluid mechanics
650 ## - SUBJECT ADDED ENTRY--TOPICAL TERM
Topical term or geographic name as entry element Hydraulics
650 ## - SUBJECT ADDED ENTRY--TOPICAL TERM
Topical term or geographic name as entry element Buoyancy and flotation
942 ## - ADDED ENTRY ELEMENTS (KOHA)
Item type Books
Holdings
Withdrawn status Lost status Source of classification or shelving scheme Damaged status Not for loan Collection code Permanent location Current location Shelving location Date acquired Full call number Barcode Date last seen Koha item type Public note
          Non-fiction IMU-MPC Library IMU-MPC Library General Stacks 2020-01-08 620.106 GIL MPC1405 2025-03-17 Books Column - 27
Copyright © 2021 Indian Maritime University, Mumbai Port Campus. All Rights Reserved. Managed & Maintained by Central Library, IMU-Mumbai

webs counters

Powered by Koha